000 00605nam a22001817a 4500
005 20170824111919.0
010 _aENG-120018
020 _a9781107497016
_c275.00
035 _aEN-103550
037 _bDBAD/PUB
082 _a485
100 _aSen, Sanghita
245 _aCommunication and language skills /
_c by Sangita Sen, Alankrita Mahendra [and] Priyadarshi Patnaik
260 _aDelhi
_bCambridge University Press
_c2015
270 _a4843/24, 2nd Floor, Ansari Road, Daryaganj,
_bDelhi
_e110002
300 _a300p. :
_c24cm(pbk)
_bill.
_eCD - ROMs
942 _2ddc
_cEN
_h485
_mSEN
999 _c143746
_d143746